[Event "Alcorcon Spring op-B 1st"]
[Site "Alcorcon"]
[Date "2019.05.26"]
[Round "9"]
[White "Boni De Aristizabal, Marco"]
[Black "Aguilera Prada, Alejandro"]
[Result "1-0"]
[WhiteElo "1680"]
[BlackElo "1531"]
[PlyCount "125"]
[EventDate "2019.03.24"]
[EventType "swiss"]
[EventRounds "9"]
[EventCountry "ESP"]
[SourceTitle "EXT 2020"]
[Source "ChessBase"]
[SourceDate "2019.10.17"]
[SourceVersion "1"]
[SourceVersionDate "2019.10.17"]
[SourceQuality "1"]

1. e4 d6 2. d4 Nf6 3. Bd3 g6 4. c3 Bg7 5. Ne2 e5 6. d5 a6 7. 0-0 Nbd7 8. Bg5 h6 9. Bh4 g5 10. Bg3 Nc5 11. f3 Nxd3 12. Qxd3 0-0 13. Na3 Nh5 14. Bf2 f5 15. c4 f4 16. Rac1 Nf6 17. c5 h5 18. cxd6 cxd6 19. Nc4 g4 20. Bb6 Qe7 21. Qa3 gxf3 22. Rxf3 Bg4 23. Qxd6 Qxd6 24. Nxd6 Bxf3 25. gxf3 Nd7 26. Ba5 Rf6 27. Nf5 Bf8 28. Rc7 Nc5 29. Bc3 Rg6+ 30. Kf1 Nd3 31. Ne7+ Bxe7 32. Rxe7 b5 33. Bxe5 Nxe5 34. Rxe5 Rc8 35. Rxh5 Rc2 36. Nxf4 Rc1+ 37. Ke2 Rgg1 38. Ne6 Rc2+ 39. Kd3 Rxb2 40. Rg5+ Rxg5 41. Nxg5 Rxh2 42. d6 Rh1 43. e5 Kf8 44. Ke4 Ke8 45. Ne6 a5 46. Nc7+ Kd7 47. Nxb5 Rh6 48. f4 Ke6 49. Nd4+ Kd7 50. Nb3 Rh2 51. Nxa5 Rxa2 52. Nc4 Ra4 53. Kd5 Ra1 54. e6+ Kd8 55. e7+ Kd7 56. Ne5+ Ke8 57. Ke6 Ra6 58. f5 Rc6 59. Ng6 Ra6 60. f6 Rxd6+ 61. Kxd6 Kf7 62. Ne5+ Ke8 63. f7# 1-0